| 000 | 01075nam a2200241 i 4500 | ||
|---|---|---|---|
| 001 | 190016 | ||
| 003 | ES-MaACL | ||
| 005 | 20250822063242.0 | ||
| 007 | t| | ||
| 008 | 200305s1967 sp |||| | spa d | ||
| 100 | 1 |
_aVives, Josep, _d1928-2015 _9115573 |
|
| 245 | 1 | 0 |
_aAnalogía y ética en los diálogos de Platón : _bestudio de las analogías fundamentales en las que se configura y se expresa la ética platónica / _cpor José Vives Solé. |
| 260 |
_aBarcelona : _b[Universidad, Facultad de Filosofía y Letras, _c1967] ( _fIvern) |
||
| 300 |
_a16 p. ; _c24 cm. |
||
| 502 | _aTesis-Univ. Barcelona (Extracto) | ||
| 594 | _aPrecede al tít.: Universidad de Barcelona. Secretariado de Publicaciones, Intercambio Científico y Extensión Universitaria. | ||
| 600 | 0 | 4 |
_aPlatón- _xCrítica e interpretación. _992599 |
| 655 |
_aTesis y escritos académicos _9226867 |
||
| 710 | 2 |
_aUniversidad de Barcelona. _bFacultad de Filosofía y Letras. _97149 |
|
| 852 | 4 |
_aES-MaACL _jP-1415 (12) _9197167 _bR.68610 _cDEPO2 |
|
| 942 | _2udc | ||
| 999 |
_c190016 _d190016 |
||